Rekod kegigihan mengkhatami Al-Qur'an di kalangan salaf

Bibliographic Details
Main Author: Al-Aliy, Al-Adiib Ibrahim Muhammad Husain
Other Authors: Abdullah Al-Qari B Hj. Salleh
Format: Book
Published: Kuala Lumpur : Al-Hidayah Publishers , 1996
Subjects:

MARC

LEADER 00000cam a2200000 7i4500
001 0000013407
005 20080114.0
008 080114
020 |a 9839188291 
090 0 0 |a 297.1224045   |b ALI 
100 0 |a Al-Aliy, Al-Adiib Ibrahim Muhammad Husain 
245 1 0 |a Rekod kegigihan mengkhatami Al-Qur'an di kalangan salaf   |c Pengarang Al-Adiib Ibrahim Muhammad Husain Al-Aliy ; Saduran Abdullah Al-Qari B Hj. Salleh 
260 |a Kuala Lumpur :   |b Al-Hidayah Publishers ,   |c 1996 
650 0 |a Koran   |x Reading 
650 0 |a Koran   |x recitation 
700 0 |a Abdullah Al-Qari B Hj. Salleh 
999 |a 0001008927   |b Book   |c Adult Collection   |e Perbadanan Perpustakaan Awam Johor 
999 |a 0001008928   |b Book   |c Adult Collection   |e Perbadanan Perpustakaan Awam Johor